00466nam a2200145Ia 450000500170000000800410001702000150005808200130007310000380008624500630012426000840018730000130027165000140028465000220029820240717013213.0240331s9999 xx 000 0 und d a9628576879 bBira200 aPeace commission of the Hong Kong 0aBirds in the cage :bfreedom of religious beliefs in China aHong KongbJustice and Peace Commission of the Hong Kong Catholic Diocesec2004 a108 p ., aReligious aRepublic of China